000 00343nam a2200145Ia 4500
008 230917s9999||||xx |||||||||||||| ||und||
040 _e247036
_aMAIN
041 _aEnglish
082 _a345 N315I
100 _aNehra, Vishal
245 0 _aInsanity as a defence in Indian criminal Law
260 _c2016
300 _a109 p.
942 _cTH
999 _c127941
_d127941